000 00843nam a22002177a 4500
003 0
005 20251017101013.0
008 251017b xxu||||| |||| 00| 0 eng d
020 _a978-0-06-264154-0
050 _aBF 637.S8
_b.M267 2016
100 _aManson, Mark,
_eauthor.
245 _aThe subtle art of not giving a f*ck :
_ba counterintuitive approach to living a good life /
_cMark Manson.
260 _aNew York :
_bHarper, an imprint of HarperCollins Publishers,
_c2016.
300 _a206 pages ;
_c21 cm.
504 _aIncludes bibliographical references.
520 _aOffers blunt advice on how to focus on what truly matters by accepting limitations and letting go of the pursuit of constant positivity.
650 _aConduct of life.
650 _aSelf-actualization (Psychology).
650 _aHappiness.
942 _2lcc
_cBK
999 _c368259
_d368259